000 00225nam a22001097a 4500
003 OSt
008 241207b |||||||| |||| 00| 0 eng d
041 _aeng
100 _aVennikkulam
_95521
245 _aThirukkural
942 _cBK
999 _c18347
_d18347